Realidades trastocadas : las jerarquías de género en el pensamiento del desarrollo /

Sostiene la autora que, en general, la perspectiva de género es soslayada en las corrientes principales del desarrollo y que, en el mejor de los casos, se le incluye de manera difusa o tergiversada. El estudio de los planteamientos teóricos del fenimismo y del desarrollo y el análisis de la práctica...

Celý popis

Uloženo v:
Podrobná bibliografie
Hlavní autor: Kabeer, Naila (autor)
Médium: Kniha
Jazyk:španělština
Vydáno: México : Paidós : UNAM, Programa Universitario de Estudios de Género, 1998, c1998
Edice:(Género y Sociedad ; 4)
Témata:
Tagy: Přidat tag
Žádné tagy, Buďte první, kdo vytvoří štítek k tomuto záznamu!

MARC

LEADER 00000nam^a2200000^a^4500
001 000105662
005 20250521000000.0
009 20260310093509.381
020 |a 968-853-403-X 
037 |a Acervo ITESO - Biblioteca 
041 |a ESP 
082 |a 305. 42  |b KAB 
100 |a Kabeer, Naila  |e (autor) 
245 1 0 |a Realidades trastocadas :  |b las jerarquías de género en el pensamiento del desarrollo /  |c N. Kabeer ; tr. por Isabel Vericat. 
264 4 |a México :  |b Paidós :  |b UNAM, Programa Universitario de Estudios de Género,  |c 1998, c1998 
300 |a 353 p. 
336 |a texto  |b txt  |2 rdacontenido 
337 |a sin mediación  |b n  |2 rdamedio 
338 |a volumen  |b nc  |2 rdasoporte 
440 1 |a (Género y Sociedad ;  |v 4) 
500 |a Traducción de: Reversed realities: gender hierarchies in development thought 
520 |a Sostiene la autora que, en general, la perspectiva de género es soslayada en las corrientes principales del desarrollo y que, en el mejor de los casos, se le incluye de manera difusa o tergiversada. El estudio de los planteamientos teóricos del fenimismo y del desarrollo y el análisis de la práctica del desarrollo es la vía para comprobar la afirmación. 
649 |a XX 
650 |a Mujeres 
650 |a Discriminación de Género 
650 |a Roles de Género 
650 |a Identidad de Género 
650 |a Género 
650 |a Desarrollo Económico-Social -  |x Planeación 
650 |a Participación Política 
650 |a Política de Género 
650 |a Política 
650 |a Sociología 
650 |a Economía 
910 |a Fondo General 
920 |a Impresos - Libros 
930 |a Colección General 
905 |a 101 
901 |a 0500041620  |b IT1  |c ACC  |u 20250521 
902 |a https://opac.biblio.iteso.mx/vufind/Record/000105662